[Event "Styrian op U14/16 23rd"]
[Site "Mureck"]
[Date "2016.08.11"]
[Round "9"]
[White "Kasueschke, Lars"]
[Black "Engelmaier, Alexander Sergej"]
[Result "1-0"]
[WhiteElo "1941"]
[BlackElo "1143"]
[PlyCount "44"]
[EventDate "2016.08.03"]
[EventType "swiss"]
[EventRounds "9"]
[EventCountry "AUT"]
[SourceTitle "CBM 174 Extra"]
[Source "ChessBase"]
[SourceDate "2016.10.10"]
[SourceVersion "1"]
[SourceVersionDate "2016.10.10"]
[SourceQuality "1"]

1. b3 e5 2. Bb2 Nc6 3. e3 d6 4. Bb5 Bd7 5. Nf3 Nge7 6. 0-0 a6 7. Be2 Ng6 8. d4 Bf5 9. c4 Be7 10. Nc3 exd4 11. exd4 Bf6 12. Nd5 0-0 13. Qd2 Be7 14. Nxe7+ Qxe7 15. d5 Nce5 16. Nd4 Qd7 17. f4 Ng4 18. Bxg4 Bxg4 19. f5 Ne7 20. Qg5 f6 21. Qxg4 c5 22. Ne6 Rf7 1-0

[Event "Styrian op U14/16 23rd"]
[Site "Mureck"]
[Date "2016.08.09"]
[Round "7"]
[White "Engelmaier, Alexander Sergej"]
[Black "Urbanc, Ana"]
[Result "0-1"]
[WhiteElo "1143"]
[BlackElo "1681"]
[PlyCount "96"]
[EventDate "2016.08.03"]
[EventType "swiss"]
[EventRounds "9"]
[EventCountry "AUT"]
[SourceTitle "CBM 174 Extra"]
[Source "ChessBase"]
[SourceDate "2016.10.10"]
[SourceVersion "1"]
[SourceVersionDate "2016.10.10"]
[SourceQuality "1"]

1. e4 c5 2. b4 cxb4 3. a3 e6 4. d4 Nf6 5. Bd3 Nc6 6. axb4 Nxb4 7. Ba3 Nxd3+ 8. Qxd3 Bxa3 9. Rxa3 d6 10. Nf3 a6 11. 0-0 b5 12. Nbd2 Bb7 13. Re1 0-0 14. e5 dxe5 15. Nxe5 Nd7 16. Ndf3 Nxe5 17. Rxe5 Bxf3 18. Qxf3 Qxd4 19. Rxb5 Rad8 20. Rb1 Rc8 21. Rd1 Qc4 22. h3 Qxc2 23. Rxa6 Rfd8 24. Rxd8+ Rxd8 25. Ra8 Qc1+ 26. Kh2 Qc7+ 27. g3 g6 28. Qf4 Qd7 29. Rxd8+ Qxd8 30. Qe5 Qe7 31. h4 f6 32. Qe3 Kg7 33. f4 e5 34. fxe5 Qxe5 35. Qxe5 fxe5 36. Kg2 Kf6 37. Kf3 Kf5 38. g4+ Kf6 39. Ke4 Ke6 40. h5 gxh5 41. gxh5 h6 42. Kf3 Kf5 43. Ke3 Kg5 44. Ke4 Kxh5 45. Kxe5 Kg4 46. Ke4 Kg3 47. Ke3 h5 48. Ke2 Kg2 0-1

[Event "Styrian op U12/18 22nd"]
[Site "Mureck"]
[Date "2015.08.12"]
[Round "8"]
[White "Engelmaier, Alexander Sergej"]
[Black "Martetschlaeger, Stefan"]
[Result "1-0"]
[WhiteElo "864"]
[BlackElo "1104"]
[PlyCount "95"]
[EventDate "2015.08.05"]
[EventType "swiss"]
[EventRounds "9"]
[EventCountry "AUT"]
[SourceTitle "EXT 2017"]
[Source "ChessBase"]
[SourceDate "2016.10.25"]
[SourceVersion "1"]
[SourceVersionDate "2016.10.25"]
[SourceQuality "1"]

1. e4 c5 2. Nc3 Nc6 3. Bb5 g6 4. Nf3 Bg7 5. 0-0 Nf6 6. Re1 0-0 7. d3 d5 8. h3 a6 9. Bxc6 bxc6 10. Bg5 h6 11. Bd2 Rb8 12. Qc1 dxe4 13. dxe4 Be6 14. b3 c4 15. Bxh6 cxb3 16. axb3 c5 17. Bxg7 Kxg7 18. Rxa6 c4 19. b4 Rxb4 20. Ne5 Qd4 21. Nc6 Qxc3 22. Nxb4 Qxb4 23. e5 Nd5 24. Qb1 c3 25. Qxb4 Nxb4 26. Ra4 Nxc2 27. Rc1 Rd8 28. Ra7 Kf8 29. Rxc2 Rc8 30. Ra3 Rd8 31. Rc1 Rd5 32. Raxc3 Rxe5 33. Re3 Rd5 34. Rce1 Rd6 35. Rf3 Ke8 36. Kh2 Rd2 37. Kg3 Bd5 38. Rfe3 e6 39. R1e2 Rd4 40. f3 Ke7 41. Kf2 Bc4 42. Re4 Bxe2 43. Rxd4 Bb5 44. g4 f5 45. Ke3 Bf1 46. h4 fxg4 47. fxg4 Kf6 48. Rf4+ 1-0

[Event "Styrian op U12/18 22nd"]
[Site "Mureck"]
[Date "2015.08.11"]
[Round "7"]
[White "Hanc, Nejc"]
[Black "Engelmaier, Alexander Sergej"]
[Result "1-0"]
[WhiteElo "1274"]
[BlackElo "864"]
[PlyCount "55"]
[EventDate "2015.08.05"]
[EventType "swiss"]
[EventRounds "9"]
[EventCountry "AUT"]
[SourceTitle "EXT 2017"]
[Source "ChessBase"]
[SourceDate "2016.10.25"]
[SourceVersion "1"]
[SourceVersionDate "2016.10.25"]
[SourceQuality "1"]

1. c4 e5 2. Nc3 Nc6 3. g3 f5 4. Bg2 Nf6 5. e3 d5 6. cxd5 Nb4 7. d3 Nbxd5 8. Nxd5 Nxd5 9. Qb3 c6 10. Bd2 Qb6 11. Bxd5 cxd5 12. Qxb6 axb6 13. Ne2 Bd6 14. Nc3 Be6 15. a3 0-0 16. Nb5 Rfd8 17. Nxd6 Rxd6 18. 0-0 e4 19. dxe4 dxe4 20. Bc3 Rad8 21. Bd4 Bc4 22. Rfc1 Ba6 23. Rc7 Rb8 24. Rxg7+ Kf8 25. Rxh7 Rg6 26. Rh8+ Rg8 27. Rxg8+ Kxg8 28. Bxb6 1-0

[Event "Styrian op U12/18 22nd"]
[Site "Mureck"]
[Date "2015.08.08"]
[Round "4"]
[White "Engelmaier, Alexander Sergej"]
[Black "Hadler, Hannah"]
[Result "0-1"]
[WhiteElo "864"]
[BlackElo "1211"]
[PlyCount "54"]
[EventDate "2015.08.05"]
[EventType "swiss"]
[EventRounds "9"]
[EventCountry "AUT"]
[SourceTitle "EXT 2017"]
[Source "ChessBase"]
[SourceDate "2016.10.25"]
[SourceVersion "1"]
[SourceVersionDate "2016.10.25"]
[SourceQuality "1"]

1. e4 e5 2. Nf3 Nc6 3. Bc4 Bc5 4. d3 Nf6 5. Nc3 d6 6. Bg5 h6 7. Bh4 g5 8. Bg3 Qe7 9. h3 Be6 10. Bxe6 Qxe6 11. Ne2 0-0-0 12. Qd2 d5 13. exd5 Nxd5 14. Nc3 Nxc3 15. Qxc3 Bb4 16. Bxe5 Bxc3+ 17. bxc3 Nxe5 18. Nxe5 Qxe5+ 19. Kd2 Qf4+ 20. Ke1 Rhe8+ 21. Kf1 Qd2 22. c4 Qxc2 23. g3 Rxd3 24. Rh2 Rd1+ 25. Rxd1 Qxd1+ 26. Kg2 Re1 27. g4 Rg1# 0-1

[Event "Styrian op U12/18 22nd"]
[Site "Mureck"]
[Date "2015.08.07"]
[Round "3"]
[White "Knafl, Noah"]
[Black "Engelmaier, Alexander Sergej"]
[Result "1/2-1/2"]
[WhiteElo "975"]
[BlackElo "864"]
[PlyCount "63"]
[EventDate "2015.08.05"]
[EventType "swiss"]
[EventRounds "9"]
[EventCountry "AUT"]
[SourceTitle "EXT 2017"]
[Source "ChessBase"]
[SourceDate "2016.10.25"]
[SourceVersion "1"]
[SourceVersionDate "2016.10.25"]
[SourceQuality "1"]

1. e4 e5 2. Nf3 Nc6 3. Bc4 Bc5 4. d3 f6 5. Nc3 Nge7 6. 0-0 d6 7. Bd2 Bg4 8. h3 Bh5 9. Qe1 Bxf3 10. gxf3 Nd4 11. Qd1 Qd7 12. Kh2 0-0-0 13. Be3 Nec6 14. Nd5 f5 15. c3 Ne6 16. b4 Bb6 17. b5 Na5 18. Bxb6 cxb6 19. Qa4 Kb8 20. Nb4 Nc5 21. Qd1 Nxc4 22. dxc4 fxe4 23. fxe4 Nxe4 24. a4 a5 25. Nd5 h5 26. f3 Nc5 27. Nxb6 Qf7 28. Ra2 Kc7 29. Rd2 Rh6 30. Nd5+ Kb8 31. f4 Qe8 32. b6 1/2-1/2